header

Protecting individual privacy in the struggle against terrorists (Record no. 13564)

MARC details
000 -LEADER
fixed length control field 01722nam a2200337Ia 4500
245 00 - TITLE STATEMENT
Title Protecting individual privacy in the struggle against terrorists
260 ## - PUBLICATION, DISTRIBUTION, ETC. (IMPRINT)
Place of publication Washington, D.C. :
Name of publisher National Academies Press,
Year of publication c2008.
300 ## - PHYSICAL DESCRIPTION
Number of Pages xxiii, 352 p.
650 #0 - SUBJECT ADDED ENTRY--TOPICAL TERM
Topical Term Privacy, Right of
Topical Term Surveillance detection
Topical Term Technological innovations
Topical Term Terrorism
856 40 - ELECTRONIC LOCATION AND ACCESS
Uniform Resource Identifier http://site.ebrary.com/lib/rucke/Doc?id=10257264

No items available.

© 2026 Rongo University
Contact us: librarian | system librarian | Rongo university